An Investigation into Linguistic Features of Ironical Implicatures in English and Vietnamese used Press /

Introduction; Literature review and theoretical background; Methods and procedures...

Uloženo v:
Podrobná bibliografie
Hlavní autor: Phan Thị Hoài Thanh
Další autoři: Phan Van Hoa Assoc. Prof. Dr., huong dan
Médium: Diplomová práce
Jazyk:English
Vydáno: 2012.
Témata:
Tagy: Přidat tag
Žádné tagy, Buďte první, kdo otaguje tento záznam!
Thư viện lưu trữ: Mạng thư viện Đại học Đà Nẵng
LEADER 01456na a2200361 4500
001 000030773
003 4490
005 20221210145628.0
008 151001s2012 000 eng
040 |a LNN 
041 |a ENG 
082 |a 420.4  |b PH-T 
100 |a Phan Thị Hoài Thanh 
245 3 |a An Investigation into Linguistic Features of Ironical Implicatures in English and Vietnamese used Press /  |c Phan Thị Hoài Thanh. 
260 |c 2012. 
300 |a 96tr. : mh ; 30cm. 
502 |a Master thesis in the English language. 
520 |a Introduction; Literature review and theoretical background; Methods and procedures... 
650 |a An Investigation into Linguistic Features of Ironical Implicatures in English and Vietnamese used Press, Linguistic, Phan Thị Hoài Thanh 
700 0 |a Phan Van Hoa  |b Assoc. Prof. Dr.,  |c huong dan 
852 |c Luận văn Thạc sĩ 
OWN |a LNN 
AVA |a UDN50  |b LNN  |c English  |d 420.4 PH-T  |e available  |t Error 5001 Not defined in file expand_doc_bib_avail.  |f 1  |g 0  |h N  |i 0  |j AN  |k 1 
999 |a From the UDN01 
AVA |a UDN50  |b LNN  |c English  |d 420.4 PH-T  |e available  |t Error 5001 Not defined in file expand_doc_bib_avail.  |f 1  |g 0  |h N  |i 0  |j AN  |k 1 
TYP |a Dissertation 
TYP |a Printed language 
980 |a Mạng thư viện Đại học Đà Nẵng